Canadian Federal Party Leaders Who Received the Most Total Votes - Statistics

General Stats
  • This quiz has been taken 34 times
    21 since last reset
  • The average score is 11 of 15
Answer Stats
Votes (millions) Elections Contested Leader % Correct
11.9 2 Brian Mulroney
100%
18.5 3 Justin Trudeau
100%
21 5 Pierre Trudeau
100%
15.9 3 Jean Chretien
94%
9.9 7 W.L. Mackenzie King
94%
9.5 2 Paul Martin
89%
26 5 Stephen Harper
89%
11.7 4 Lester B. Pearson
78%
14.4 5 John Diefenbaker
67%
11.7 4 Jack Layton
61%
9.2 3 Joe Clark
61%
8.5 1 Mark Carney
61%
9.3 4 Ed Broadbent
33%
9.1 7 Gilles Duceppe
33%
9.3 3 Robert Stanfield
28%
No matching quizzes found
Score Distribution
Percent of People with Each Score
Percentile by Number Answered
Your Score History
You have not taken this quiz since the last reset